Expendable!: (Record no. 6232)

MARC details
000 -LEADER
fixed length control field 00595nam a22001817a 4500
003 - CONTROL NUMBER IDENTIFIER
control field GBCCL
005 - DATE AND TIME OF LATEST TRANSACTION
control field 20241126110559.0
008 - FIXED-LENGTH DATA ELEMENTS--GENERAL INFORMATION
fixed length control field 180504b ||||| |||| 00| 0 eng d
040 ## - CATALOGING SOURCE
Transcribing agency gbc
082 ## - DEWEY DECIMAL CLASSIFICATION NUMBER
Classification number 268
Item number KEL
100 ## - MAIN ENTRY--PERSONAL NAME
Personal name Keller, W. Phillip
Dates associated with a name 1920 - 1997
9 (RLIN) 11179
245 ## - TITLE STATEMENT
Title Expendable!:
Remainder of title With God on the Prairies: the ministry of Prairie Bible institute, Three Hills, Alberta, Canada /
Statement of responsibility, etc. W. Phillip Keller
260 ## - PUBLICATION, DISTRIBUTION, ETC.
Place of publication, distribution, etc. Alberta:
Name of publisher, distributor, etc. Prairie Press,
Date of publication, distribution, etc. 1966
300 ## - PHYSICAL DESCRIPTION
Extent 224 p.;
Other physical details ill.,
Dimensions 21 cm.
650 ## - SUBJECT ADDED ENTRY--TOPICAL TERM
Topical term or geographic name entry element Prairie Bible Institute
9 (RLIN) 11180
650 ## - SUBJECT ADDED ENTRY--TOPICAL TERM
Topical term or geographic name entry element Maxwell, L. E.
9 (RLIN) 11181
942 ## - ADDED ENTRY ELEMENTS (KOHA)
Source of classification or shelving scheme Dewey Decimal Classification
Koha item type Books
Holdings
Withdrawn status Lost status Source of classification or shelving scheme Damaged status Not for loan Home library Current Library Shelving location Date acquired Total checkouts Full call number Barcode Date last seen Copy number Price effective from Koha item type
    Dewey Decimal Classification     GRACE BIBLE COLLEGE GRACE BIBLE COLLEGE Ministry & Mission 2018-05-04   268 KEL 009606 2025-05-01 c.1 2018-05-04 Books
© Grace Bible College Library 2025